00318nam a2200133Ia 4500008004100000041000800041082001500049100001300064245003500077250001400112260002700126300002400153365000700177240624s9999 xx 000 0 und d aeng a332.17 SRI aGORDON E aFINANCIAL MARKETS AND SERVICES a(6th ed.) c2010aMumbaibHimalaya a483 : p. : cm. ; 24 cRS